Zo "zelenej lúky" medzi európsku špičku
Generálny riaditeľ OVP Orava v Trstenej Ing. Jozef Sitek a technický riaditeľ OVP Orava Ing. Dušan Gembala o ašpirácii OVP na dominantného výrobcu televízorov v SR. Konkurencieschopnosť, aplikácia nových súčiastok, tvorivá invencia, dostatok mladých kvalitných pracovníkov.
Enregistré dans:
| Auteur principal: | |
|---|---|
| Autres auteurs: | , |
| Format: | Chapitre de livre |
| Langue: | slovaque |
| Sujets: | |
| Tags: |
Pas de tags, Soyez le premier à ajouter un tag!
|
MARC
| LEADER | 00000naa a2200000 4500 | ||
|---|---|---|---|
| 001 | r026205 | ||
| 005 | 20230824090337.9 | ||
| 041 | 0 | |a slo | |
| 044 | |a SK | ||
| 245 | 1 | 0 | |a Zo "zelenej lúky" medzi európsku špičku |c J. Sitek, D. Gembala, P. Višváder |
| 520 | |a Generálny riaditeľ OVP Orava v Trstenej Ing. Jozef Sitek a technický riaditeľ OVP Orava Ing. Dušan Gembala o ašpirácii OVP na dominantného výrobcu televízorov v SR. Konkurencieschopnosť, aplikácia nových súčiastok, tvorivá invencia, dostatok mladých kvalitných pracovníkov. | ||
| 610 | 2 | 0 | |a Slovensko |
| 610 | 2 | 0 | |a 1994-1997 |
| 610 | 2 | 0 | |a elektrotechnika |
| 610 | 2 | 0 | |a televízia |
| 610 | 2 | 0 | |a OVP Orava, s.r.o. Trstená |
| 610 | 2 | 0 | |a konkurencieschopnosť |
| 100 | 1 | |a Sitek, J. | |
| 700 | 1 | |a Gembala, D. | |
| 700 | 1 | |a Višváder, P. | |